| 000 | 00903nam a22002417a 4500 | ||
|---|---|---|---|
| 001 | 14497 | ||
| 003 | BD-JhCC | ||
| 005 | 20251218140758.0 | ||
| 008 | 251218b |||||||| |||| 00| 0 eng d | ||
| 020 | _a9848139451 | ||
| 035 | _a(BD-JhCC)14497 | ||
| 040 |
_aBD-JhCC _dBD-JhCC |
||
| 041 | _aবাংলা | ||
| 082 |
_223 _a954.9205 _bGAF 2024 |
||
| 100 | _aগাফফার চৌধুরী, আবদুল | ||
| 245 |
_aবাঙালির অসমাপ্ত যুদ্ধ / _cআবদুল গাফফার চৌধুরী |
||
| 246 | _aBangalir Ashamapta Juddah | ||
| 260 |
_aঢাকা: _bজ্যেৎস্না প্রকাশনী, _c২০২৪ |
||
| 300 |
_a২০৩ পৃ.; _c২২ সেমি. _eপেপার বাইন্ডিং |
||
| 650 | _aবাঙালির অসামাপ্ত যুদ্ধ | ||
| 942 |
_2ddc _cBK |
||
| 999 |
_c14497 _d14497 |
||